| 000 | 00681nam a2200205 a 4500 | ||
|---|---|---|---|
| 003 | OSt | ||
| 005 | 20240223123426.0 | ||
| 008 | 180219t2010 pk | |||| 000 d urd d | ||
| 020 | _a9789693516463 | ||
| 040 | _c0 | ||
| 082 |
_a891.4392 _bISH 2010 |
||
| 100 | 1 |
_aاشفاق احمد _948655 |
|
| 245 | 1 | 0 |
_aدھينگامشتی: _bتلقين شاہ _cIshfaq Ahmad |
| 246 |
_aDheenga Mushti: _bTalqeen Shah |
||
| 260 |
_aLahore: _bSang e Meel Pub; _c20110. |
||
| 300 | _a335 p. | ||
| 650 |
_aUrdu literature _vRadio Drama (talqeen shah) _9121251 |
||
| 942 |
_2ddc _cBK _aSADA _k891.4392 ISH 2010 |
||
| 999 |
_c608099 _d608099 |
||